000 00473nam a22001577a 4500
003 SGT
020 _a9789383864201
082 _a615.538
_bC18D
100 _a DHIMAN, K.S, ed
245 _aCOMPREHENSIVE TECHNICAL DOSSIER(CRD) OF MEDICINAL PLANT USED IN AYURVEDA BACOPA MONNIERI NO-06
260 _aNEW DELHI
_bCCRAS
_c2018
300 _a86
650 _aAYURVEDA
653 _aCOMPREHENSIVE, TECHNICAL, DOSSIER, CRD, MEDICINAL, PLANT, BACOPA, MONNIERI
942 _2ddc
_cBK
999 _c25018
_d25018